Online
Catalog

Antología multilinguüe : (Record no. 2724)

MARC details
000 -CABECERA
campo de control de longitud fija 00781cam a2200217 a 4500
001 - NÚMERO DE CONTROL
campo de control 000002890
005 - FECHA Y HORA DE LA ÚLTIMA TRANSACCIÓN
campo de control 20200929150258.0
008 - DATOS DE LONGITUD FIJA--INFORMACIÓN GENERAL
campo de control de longitud fija 960924s1995 ck 001 p mul
020 ## - NÚMERO INTERNACIONAL ESTÁNDAR DEL LIBRO
Número Internacional Estándar del Libro 9586122255
040 ## - FUENTE DE LA CATALOGACIÓN
Centro catalogador/agencia de origen DO-SdBNP
Centro/agencia transcriptor DLC
Centro/agencia modificador DLC
082 ## - NÚMERO DE LA CLASIFICACIÓN DECIMAL DEWEY
Número de clasificación C861.408
Número de documento/Ítem G824a
100 1# - ENTRADA PRINCIPAL--NOMBRE DE PERSONA
Nombre de persona Greiff, León de,
Fechas asociadas al nombre 1895-1976.
9 (RLIN) 9182
245 10 - MENCIÓN DE TÍTULO
Título Antología multilinguüe :
Resto del título 50 poemas /
Mención de responsabilidad, etc. León de Greiff; introducción, Hjalmar de Greiff.
260 ## - PUBLICACIÓN, DISTRIBUCIÓN, ETC.
Lugar de publicación, distribución, etc. Bogotá :
Nombre del editor, distribuidor, etc. Instituto Colombiano de Cultura ;
-- Biblioteca Nacional de Colombia,
Fecha de publicación, distribución, etc. 1995.
300 ## - DESCRIPCIÓN FÍSICA
Extensión 468 p. ;
Dimensiones 24 cm.
650 #4 - PUNTO DE ACCESO ADICIONAL DE MATERIA--TÉRMINO DE MATERIA
Término de materia o nombre geográfico como elemento de entrada Poesía colombiana
Subdivisión general Colecciones
9 (RLIN) 8105
650 #4 - PUNTO DE ACCESO ADICIONAL DE MATERIA--TÉRMINO DE MATERIA
Término de materia o nombre geográfico como elemento de entrada Literatura colombiana
9 (RLIN) 1244
600 14 - PUNTO DE ACCESO ADICIONAL DE MATERIA--NOMBRE DE PERSONA
Nombre de persona GREIFF, LEÓN DE
Fechas asociadas al nombre 1895-1976.
9 (RLIN) 9183
700 1# - PUNTO DE ACCESO ADICIONAL--NOMBRE DE PERSONA
Nombre de persona GREIFF, HJALMAR DE
9 (RLIN) 9184
910 ## - DATOS DE OPCIÓN DEL USUARIO (OCLC)
Datos de opción del usuario Catalogación por copia / LC
Holdings
Estado de retiro Estado de pérdida Restricciones de uso No para préstamo Código de colección Localización permanente Ubicación/localización actual Ubicación en estantería Fecha de adquisición Número de inventario Total de préstamos Signatura topográfica completa Código de barras Fecha visto por última vez Precio válido a partir de Tipo de ítem Koha
    Préstamo interno   Monografías: Libros y Folletos General General En catalogación 04.07.2009 LF1   C861.408 G824a 2890-10 25.06.2020 25.06.2020 Préstamo interno

Powered by Koha